|
|
|
|
| LEADER |
03987nam a2200529 4500 |
| 001 |
000007708 |
| 005 |
20091210144433.0 |
| 008 |
091210s1687 gw e lat |
| FMT |
|
|
|
| 040 |
|
|
|a SVKKK
|b slo
|c SVKKK
|e AACR2
|
| 041 |
1 |
|
|a lat
|h ita
|
| 044 |
|
|
|a gw
|c DE
|
| 080 |
|
|
|a 252
|
| 080 |
|
|
|a 82-5
|
| 100 |
1 |
|
|a Segneri, Paolo,
|d 1624-1694.
|4 aut
|
| 245 |
1 |
0 |
|a Qvadraginta Sermones
|b R. P. Pauli Segneri È Societate Jesu Qvadraginta Sermones per Verni Jejunij tempus, Florentiae, aliísque Italiae Urbibus dicti, Post Plvres Editiones Ex Italico Idiomate, Latinitate Donati à R. P. Udalrico Dirrhaimer Ejusdem Societatis. Cum Gratia (et) Privilegio Sacrae Caes. Maiestatis, Et facultate Superiorum.
|
| 260 |
|
|
|a Dilingae,
|b Typis & Sumptibus, Joannis Caspari Bencard, Bibliopolae Academici. Per Joannem Federle.
|c Anno M. DC. LXXXVII. [=1687]
|
| 300 |
|
|
|a [22],541,[25] s. )(/3,)()(/4,)()()(/4,A/4-Z/4,Aa/4-Zz/4,Aaa/4-Zzz/4,Aaaa/4,Bbbb/3 [=294] list.
|c 4°. 20x16,5 cm
|e frontispis
|
| 500 |
|
|
|a Vinety ornam., linky ozdobné, linky, inic. s ornam. pozadím vo voľ. priestore na 3, 5, 6 r., inic. s ornam.-fig. pozadím vo voľ. priestore na 6 r., verz. na 2, 3 r., titl. list s červeno-čiernou tlačou, frontispis s medirytinou s bibl. motívom vľavo dolu sign. "Leon: Heckenauer sc:", tlač dvojstĺpcová, tlač. marginálie v lat. jaz., typograf. ozdoby, kustódy
|
| 500 |
|
|
|a Chybné stránkovanie: nam. s. 359 je s. 259.
|
| 504 |
|
|
|a Na zl. Yyy3b-Bbbb3 "Index Rerum Memorabilium ..."
|
| 508 |
|
|
|a Na zl. )(1b-)(3a ded. "... Henrico Christophoro Ex Illustri prosapia Domino Wolfframbsdorff, Dei Gratia S. R. I. Principi Et Electo Praeposito Ac Domino Elvacensi ..." v závere s textom: "Devotissimum Societatis Jesu Collegium Academicum Dillinganum." Na zl. )(3b-)()(4a úvod autora k čitateľovi. Na zl. )()(4b-)()()(1 "Privilegivm Caesarevm. Leopoldus Divinâ favente clementiâ electus Romanorum Imperator semper Augustus, ac Germaniae, Hungariae ... Rex ..." v závere s textom: "... dedimus in Civitate nostra Viennâ die sextâ Maij, Anno millesimo, sexcentesimo septuagesimo septimo, Regnorum nostrorum Romani decimo nono, Hungarici vigesimo secundo, Bohemici verò vigesimo primo. Leopoldus V. Leopoldus Guilielmus Comes in Kinigsegg. Ad Mandatum Sacrae Caesareae Majestatis proprium. Christoph Beüer." Na zl. )()()(2 "Privilegium Et Facultas Adm. R. P. Praepositi Provincialis Soc. Jesv per Provinciam superioris Germaniae." v závere s textom: "Dilingae 22. Junii. Anno 1676. Benedictvs Painter S. J."
|
| 510 |
4 |
|
|a VD 17 (23:240885H); HAB; GBV; VKOL (38.505); MZK (SR-0000.140)
|
| 561 |
|
|
|a Peč.: Štátna vedecká knižnica v Košiciach - K. K. Rechtsakad. Bibliothek In Kaschau. Tlač. exlibris: Kassai királyi jogakademia Könyvtára Szekrény szám II Osztályzat f. Rkp.: Collegij Societatis Jesu Cassoviae Catalogo Inscriptus 1725.
|
| 563 |
|
|
|a Lepenka, mramor. modrohnedý papier
|
| 653 |
1 |
|
|a kresťanské náboženstvo
|
| 653 |
1 |
|
|a kázne
|
| 653 |
1 |
|
|a reči
|
| 700 |
1 |
|
|a Segneri, Paolo,
|d 1624-1694.
|4 aui
|
| 700 |
1 |
|
|a Dirrhaimer, Ulrich
|d 1638-1715
|4 trl
|
| 700 |
1 |
|
|a Heckenauer, Leonhard,
|d 1650/1660-1704.
|4 etr
|
| 700 |
1 |
|
|a Wolfframbsdorff, Henricus Christophorus
|4 dte
|
| 700 |
1 |
|
|a Königsegg-Rothenfels, Leopold Wilhelm von,
|d 1630-1694.
|4 oth
|
| 700 |
0 |
|
|a Leopold.
|b I,
|c rímsko-nemecký cisár, český a uhorský kráľ,
|d 1657-1705.
|4 lso
|
| 700 |
1 |
|
|a Beüer, Christoph.
|4 oth
|
| 700 |
1 |
|
|a Painter, Benedict.
|4 lso
|
| 710 |
0 |
|
|a Bencard, Johann Kaspar - Federle, Johann (faktor),
|c Dillingen an der Donau,
|d 1680-1689.
|4 prt
|4 pbl
|
| 710 |
0 |
|
|a knižnice - Knižnica Právnickej akadémie,
|c Košice
|4 sgn
|
| 710 |
0 |
|
|a jezuiti - kolégium
|c Košice
|4 fmo
|4 sgn
|
| 752 |
|
|
|a Nemecko
|d Dillingen an der Donau
|
| 852 |
|
|
|p B 627 PA
|
| 904 |
|
|
|a cefgg---eaaia----maybb1001--
|
| 905 |
|
|
|a fg-b0dc-
|
| 910 |
|
|
|a svkkk
|
| 997 |
|
|
|a Dirrhaimer, Udalricus p. Dirrhaimer, Ulrich
|4 trl
|
| 998 |
|
|
|a ST17
|
| BAS |
|
|
|